00709nam a2200241 a 4500001001300000003000900013005001700022008004100039020000800080082001600088100002200104245002400126260005400150300000900204500003500213505002000248650003500268700002200303902000800325942000700333952011200340999001500452nice12345678IN_TiNIC20260116011741.0050524s1969 hyda grp 000 0 urd  ac200a297.55bQAD aQadiri, Habib Ali aDastan-E-Hazar Maut aHyderabad bMarkazi Anjuman Taleemus Salat c1969 a294p aincludes index and biblioraphy2 areference index aMuslim Pilgrims and Pilgrimage1 aQadiri, Habib Ali bSRS cBK 001040708StackRoom-aHMIbHMId2007-07-05g2.00l0o297.55 QADp07170r2007-07-05v2.00w2005-05-24yBK c3686d3686